No vayas a Asia - Banderas - Estadísticas

Estadísticas generales
  • Esta prueba ha sido intentada 44 veces
  • La puntuación promedio es 10 de 20
Answers on the Grid
Answers color-coded by a green-red scale on the quiz's grid according to % correct below.
 
Estadísticas de respuestas
Respuesta % Correcto
Dinamarca
100%
Brasil
95%
Alemania
95%
Mexico
86%
Suecia
86%
Grecia
55%
Sudáfrica
50%
Barbados
50%
Venezuela
41%
Argentina
41%
Portugal
41%
Estonia
41%
Botsuana
36%
San Marino
36%
Estados Federados de Micronesia
32%
Argelia
32%
Serbia
27%
Liechtenstein
27%
Angola
23%
Sierra Leona
23%
No se encontraron pruebas coincidentes
Distribución de puntuación
Porcentaje de gente con cada puntuación
Porcentaje por número respondido
Historial de tus puntuaciones
No has intentado esta prueba.